002500000a220007300045001000022000002450079000223000053001017730022001541 aEdwards, James R.10aMarkan sandwiches. The significance of interpolations in Markan narratives aVol. 31, Num. 3 (Julio, 1989), Páginas 193-2160 tNovum Testamentum